Logo BPK

Biblioteka

Politechniki Koszalińskiej

1st European Conference on Grinding : (Rekord nr 44608)

Szczegóły MARC
000 -ETYKIETA REKORDU
podpole kontrolne o stałej długości 01043nam a2200313 i 4500
001 - NUMER KONTROLNY REKORDU
pole kontrolne bg
020 ## - MIĘDZYNARODOWY ZNORMALIZOWANY NUMER KSIĄŻKI - ISBN
ISBN 3183643022
040 ## - ŹRÓDŁO KATALOGOWANIA
Instytucja, która utworzyła rekord BPK
041 0# - KOD JĘZYKA
Kod języka tekstu eng
080 ## - UNIWERSALNA KLASYFIKACJA DZIESIĘTNA - UKD
UKD 621.92(061)
920 ## - Międzynarodowy znormalizowany numer książki – ISBN
ISBN 3-18-364302-2
008 - POLE O STAŁEJ DŁUGOŚCI - DANE KONTROLNE
podpole kontrolne o stałej długości s pl f |000 0 pol
111 2# - NAZWA IMPREZY
Nazwa imprezy European Conference on Grinding
Oznaczenie części/sekcji/imprezy (1 ;
Data imprezy 2003 ;
Miejsce imprezy Aachen).
245 00 - TYTUŁ/ODPOWIEDZIALNOŚĆ
Tytuł 1st European Conference on Grinding :
Ciąg dalszy tytułu Aachen, 6-7 November 2003 /
Pozostałe elementy strefy tytułu i oznaczenia odpowiedzialności K. Werner, F. Klocke, E. Brinksmeier (eds).
250 ## - STREFA WYDANIA
Oznaczenie wydania English ed.
260 ## - STREFA ADRESU WYDAWNICZEGO
Miejsce wydania Düsseldorf :
Nazwa wydawcy/dystrybutora VDI Verl.,
Data publikacji, dystrybucji/powstania dokumentu 2003.
300 ## - STREFA OPISU FIZYCZNEGO
Objętość wiele liczb. :
Inne cechy fizyczne il. ;
Rozmiary 21 cm.
490 ## - STREFA SERII I DOKUMENTU WIELOCZĘŚCIOWEGO - FORMA NIE DO WYSZUKIWANIA
Tytuł i oznaczenie odpowiedzialności serii Fortschritt-Berichte VDI. R.2,Fertigungstechnik,
ISSN 0178-9406 ;
Numeracja w obrębie serii Nr 643
500 ## - UWAGI OGÓLNE
Tekst uwagi Streszcz przy ref.
504 ## - UWAGA DOTYCZĄCA BIBLIOGRAFII
Informacje o bibliografii Bibliogr przy ref.
650 ## - HASŁO PRZEDMIOTOWE W FORMIE NAZWY OGÓLNEJ LUB JEDNOSTKOWEJ
Nazwa ogólna lub geograficzna Skrawanie
650 ## - HASŁO PRZEDMIOTOWE W FORMIE NAZWY OGÓLNEJ LUB JEDNOSTKOWEJ
Nazwa ogólna lub geograficzna Szlifowanie
655 ## - TERMIN INDEKSOWY - OKREŚLENIE RODZAJU/FORMY DOKUMENTU
Określenie rodzaju/formy dokumentu Materiały konferencyjne
700 1# - HASŁO DODATKOWE - NAZWA OSOBOWA
Nazwa osobowa Werner, Klaus.
Określenie związku między hasłem a opisywanym materiałem Red.
700 1# - HASŁO DODATKOWE - NAZWA OSOBOWA
Nazwa osobowa Klocke, Fritz.
Określenie związku między hasłem a opisywanym materiałem Red.
700 1# - HASŁO DODATKOWE - NAZWA OSOBOWA
Nazwa osobowa Brinksmeier, Ekkard.
Określenie związku między hasłem a opisywanym materiałem Red.
830 ## - HASŁO DODATKOWE SERII LUB DOKUMENTU WIELOCZĘŚCIOWEGO - TYTUŁ UJEDNOLICONY
Tytuł ujednolicony Fortschritt-Berichte VDI. R.2,Fertigungstechnik,
-- 0178-9406 ;
856 ## - LOKALIZACJA I DOSTĘP DO ELEKTRONICZNYCH DOKUMENTÓW ZDALNYCH
Link (URL) http://koha.tu.koszalin.pl/cgi-bin/koha/opac-detail.pl?biblionumber=44608
Tekst linku Katalog online BPK
942 ## - DODATKOWE ELEMENTY (KOHA)
Typ dokumentu Książka
Egzemplarze
Wycofany Status egzemplarza Uszkodzony Dostępność Lokalizacja stała Lokalizacja bieżąca Miejsce przechowywania Sygnatura Kod kreskowy Status: wypożyczony Ostatnio wypożyczono Typ dokumentu
      Dostępny Biblioteka Politechniki Koszalińskiej Biblioteka Politechniki Koszalińskiej Wypożyczalnia BG 72018 02176031 22.08.2026 31.10.2025 Książka
© 2023 Biblioteka Politechniki Koszalińskiej :: KOHA